| 000 | 00608aam a2200193 4500 | ||
|---|---|---|---|
| 005 | 20170124085609.0 | ||
| 008 | 150420b xxu||||| |||| 00| 0 spa d | ||
| 041 | _aspa | ||
| 082 | _a388.3 M294m | ||
| 245 | _aManual de preguntas frecuentes sobre las principales implicaciones laborales de la reforma a la ley de tránsito | ||
| 260 |
_aCosta Rica _bAcesores Jurídicos _c2008 |
||
| 300 | _a54 páginas | ||
| 650 |
_aCOSTA RICA _936901 |
||
| 650 |
_aLEY DE TRÁNSITO _98 |
||
| 650 |
_aLEGISLACIÓN LABORAL _936902 |
||
| 650 |
_aTRANSPORTE MOTORIZADO _915209 |
||
| 650 |
_aDERECHO VIAL _932800 |
||
| 942 | _cBK | ||
| 999 |
_c4834 _d4834 |
||